Countries With French as an Official Language - Statistics

General Stats
  • This quiz has been taken 672 times
  • The average score is 25 of 28
Answers on the Map
Answers color-coded by a green-red scale on the quiz's map according to % correct below.
 
Answer Stats
Continent Population Country % Correct
Europe 68.1 m France
100%
Africa 105 m Democratic Republic of the Congo
97%
Europe 11.4 m Belgium
96%
North America 38.7 m Canada
95%
Africa 19.9 m Niger
95%
Africa 4.6 m Republic of the Congo
95%
Europe 8.5 m Switzerland
95%
Africa 23.3 m Cameroon
93%
Africa 14.0 m Chad
93%
Africa 22.7 m Ivory Coast
93%
Africa 15.1 m Senegal
93%
Africa 4.9 m Central African Republic
91%
Africa 1.7 m Gabon
91%
Africa 12.6 m Guinea
91%
Africa 10.9 m Benin
90%
Europe 603 k Luxembourg
90%
Africa 7.3 m Togo
90%
Africa 18.1 m Burkina Faso
89%
North America 10.7 m Haiti
89%
Europe 38.7 k Monaco
89%
Africa 24.2 m Madagascar
86%
Africa 796 k Comoros
85%
Africa 92.9 k Seychelles
82%
Africa 11.2 m Burundi
79%
Africa 11.6 m Rwanda
79%
Africa 1.2 m Equatorial Guinea
76%
Africa 888 k Djibouti
75%
Oceania 265 k Vanuatu
72%
No matching quizzes found
Score Distribution
Percent of People with Each Score
Percentile by Number Answered
Your Score History
You have not taken this quiz